000 00428nab a2200145Ia 4500
003 ES-SlBCS
005 20210601125231.0
008 140529s1973 xxu||||| |||| 00| 0 eng d
041 _aeng
100 1 _aPateman, Trevor
_9155771
245 0 4 _aThe Experience of Politics
_c Trevor Pateman
650 0 4 _aPolítica
_91783
773 0 _tPhilosophy and Phenomenological Research
_gvol. 33, 1973, págs. 547-560
_wRev1411
942 _cAR
999 _c526970
_d526970